1279 1627 1406 1886 1569 1142 1214 1627 1917 1212 1106 1311 1374 1101 1780 1079 1239 1071 1555 1492 1777 1902 1106 1935 1830 1529 1531 1583 1614 1618 1290 1453 1402 1174 1481 1082 1301 1248 1512 1430 1330 1278 1801 1766 1545 1808 1080 1365 1785 1440 1206 1523 1506 1915 1954 1360 1304 1144 1499 1519 1293 1880 1587 1856 1784 1637 1819 1498 1932 1343 1758 1168 1342 1167 1223 1886 1012 1891 1009 1972 1042 1784 1769 1185 1694 1585 1231 1515 1066 1414 1368 1807 1064 1982 1443 1868 1561 1345 1934 BCNSPRNW ULIB Ver.6.0+V

เปลี่ยนเป็นภาษาไทย

Change to English
 แสดงรายละเอียดบรรณานุกรม
  กลับหน้าหลัก

Brief Record : Get Marc (ISO 2709) : E-mail record : QR code < ปิดหน้าต่าง
LEADER : 00000nam 2200000uu 4500
001    13399120072
003     ULIB
008    110203s2555||||th 000 0 tha d
020    9742939314(ล.2)
020    9789742939311(ล.2)
060 04 WY159^bก496 ล2
245 00 การพยาบาลเด็ก เล่ม 2 /^cบรรณาธิการ, พรทิพย์ศิริบูรณ์พิพัฒนา
250    พิมพ์ครั้งที่ 10
260    นนทบุรี :^bโครงการสวัสดิการวิชาการ สถาบันพระบรมราชชนกกระทรวงสาธารณสุข,^c2555
300    [12], 467 หน้า :^bภาพประกอบ ;^c26 ซม.
504    มีบรรณานุกรมและดัชนี
650  7 การพยาบาลกุมารเวชศาสตร์
700 0  พรทิพย์ ศิริบูรณ์พิพัฒนา,^eบรรณาธิการ
710 2  กระทรวงสาธารณสุข
710 2  สถาบันพระบรมราชราชชนก ^bโครงการสวัสดิการวิชาการ
945    ^p250^l0^i032621
945    ^p250^l0^i032622
945    ^p250^l0^i032623
945    ^p250^l0^i032624
945    ^p250^l0^i032625
945    ^p250^l0^i032626
945    ^p250^l0^i032627
945    ^p250^l0^i032628
945    ^p250^l0^i032629
945    ^p250^l0^i032630
995    ทศพร
999 ^a ใช้งานได้ทุกระบบ
รายการนี้ยังไม่มีแท็ก
คุณยังไม่ได้ล็อกอิน คุณสามารถมีกิจกรรมร่วมกับเว็บไซต์ได้ แต่ต้องล็อกอินก่อน ::
  ล็อกอิน

รายการสื่อสารสนเทศ

ลำดับที่ ประเภท เลขเรียก/บาร์โค้ด สถานที่ สถานะ
1. วิทยาศาสตร์การแพทย์ และสุขภาพ
หนังสือสำรอง
สถานะ=หนังสือสำรอง
WY159 ก496 ล2 ฉ.1 
  Barcode: 032621
ห้องสมุดวิทยาเขตสวรรค์ประชารักษ์
►ส่วนจัดเก็บหนังสือเก่า สปร
บนชั้น
  ขอยืม
2. วิทยาศาสตร์การแพทย์ และสุขภาพ
วิทยาศาสตร์การแพทย์ และสุขภาพ
WY159 ก496 ล2 ฉ.10 
  Barcode: 032630
ห้องสมุดวิทยาเขตสวรรค์ประชารักษ์
►ส่วนจัดเก็บหนังสือเก่า สปร
บนชั้น
  ขอยืม
3. วิทยาศาสตร์การแพทย์ และสุขภาพ
วิทยาศาสตร์การแพทย์ และสุขภาพ
WY159 ก496 ล2 ฉ.2 
  Barcode: 032622
ห้องสมุดวิทยาเขตสวรรค์ประชารักษ์
►ส่วนจัดเก็บหนังสือเก่า สปร
บนชั้น
  ขอยืม
4. วิทยาศาสตร์การแพทย์ และสุขภาพ
วิทยาศาสตร์การแพทย์ และสุขภาพ
WY159 ก496 ล2 ฉ.3 
  Barcode: 032623
ห้องสมุดวิทยาเขตสวรรค์ประชารักษ์
►ส่วนจัดเก็บหนังสือเก่า สปร
บนชั้น
  ขอยืม
5. วิทยาศาสตร์การแพทย์ และสุขภาพ
วิทยาศาสตร์การแพทย์ และสุขภาพ
WY159 ก496 ล2 ฉ.4 
  Barcode: 032624
ห้องสมุดวิทยาเขตสวรรค์ประชารักษ์
►ส่วนจัดเก็บหนังสือเก่า สปร
บนชั้น
  ขอยืม
6. วิทยาศาสตร์การแพทย์ และสุขภาพ
วิทยาศาสตร์การแพทย์ และสุขภาพ
WY159 ก496 ล2 ฉ.5 
  Barcode: 032625
ห้องสมุดวิทยาเขตสวรรค์ประชารักษ์
►ส่วนจัดเก็บหนังสือเก่า สปร
บนชั้น
  ขอยืม
7. วิทยาศาสตร์การแพทย์ และสุขภาพ
วิทยาศาสตร์การแพทย์ และสุขภาพ
WY159 ก496 ล2 ฉ.6 
  Barcode: 032626
ห้องสมุดวิทยาเขตสวรรค์ประชารักษ์
►ส่วนจัดเก็บหนังสือเก่า สปร
บนชั้น
  ขอยืม
8. วิทยาศาสตร์การแพทย์ และสุขภาพ
วิทยาศาสตร์การแพทย์ และสุขภาพ
WY159 ก496 ล2 ฉ.7 
  Barcode: 032627
ห้องสมุดวิทยาเขตสวรรค์ประชารักษ์
►ส่วนจัดเก็บหนังสือเก่า สปร
บนชั้น
  ขอยืม
9. วิทยาศาสตร์การแพทย์ และสุขภาพ
วิทยาศาสตร์การแพทย์ และสุขภาพ
WY159 ก496 ล2 ฉ.8 
  Barcode: 032628
ห้องสมุดวิทยาเขตสวรรค์ประชารักษ์
►ส่วนจัดเก็บหนังสือเก่า สปร
บนชั้น
  ขอยืม
10. วิทยาศาสตร์การแพทย์ และสุขภาพ
วิทยาศาสตร์การแพทย์ และสุขภาพ
WY159 ก496 ล2 ฉ.9 
  Barcode: 032629
ห้องสมุดวิทยาเขตสวรรค์ประชารักษ์
►ส่วนจัดเก็บหนังสือเก่า สปร
บนชั้น
  ขอยืม

รายการใกล้เคียง
    หัวเรื่อง [การพยาบาลกุมารเวชศาสตร์]

BibComment


ยังไม่เคยถูกคอมเมนท์

คอมเมนท์ทรัพยากรรายการนี้
  คอมเมนท์: การพยาบาลเด็ก เล่..


 Copyright 2026. Bcnsprnw @Library